000 00799nam a2200205 i 4500
001 27272
003 ES-MaACL
005 20230906153605.0
007 t|
008 030114s1984 sp ||||1| spa d
245 0 0 _aAtlas del cáncer en España /
_ceditores, Gonzalo López-Abente, Antonio Escolar, Manuel Errezola.
260 _aVitoria :
_bGonzalo López-Abente, etc,
_c1984.
300 _a207 p. :
_bil. ;
_c24 cm.
500 _aEdición patrocinada por la Consejería de Salud y Bienestar Social de la Comunidad de Madrid.
700 1 _aLópez-Abente Ortega, Gonzalo.
_973380
700 1 _aEscolar, Antonio.
_947600
700 1 _aErrezola, Manuel.
_947433
710 1 _aMadrid (Comunidad Autónoma).
_bConsejería de Salud y Bienestar Social.
_95607
852 _aES-MaACL
_jL-9394
_bR.111152
999 _c27272
_d27272